<?xml version="1.0" encoding="UTF-8"?>
<record
    xmlns:xsi="http://www.w3.org/2001/XMLSchema-instance"
    xsi:schemaLocation="http://www.loc.gov/MARC21/slim http://www.loc.gov/standards/marcxml/schema/MARC21slim.xsd"
    xmlns="http://www.loc.gov/MARC21/slim">

  <leader>01089nam a2200229   4500</leader>
  <controlfield tag="008">260521b2018    ||| |||g |||| 00| 0 eng d</controlfield>
  <datafield tag="020" ind1=" " ind2=" ">
    <subfield code="a">9788120800236</subfield>
    <subfield code="q">hardback</subfield>
  </datafield>
  <datafield tag="040" ind1=" " ind2=" ">
    <subfield code="a">Universiti Teknologi Brunei</subfield>
    <subfield code="b">eng</subfield>
    <subfield code="c">UTB</subfield>
  </datafield>
  <datafield tag="084" ind1=" " ind2=" ">
    <subfield code="a">PK3795 KAL 2018</subfield>
  </datafield>
  <datafield tag="100" ind1="1" ind2=" ">
    <subfield code="a">Kalidasa</subfield>
    <subfield code="e">author.</subfield>
  </datafield>
  <datafield tag="245" ind1="1" ind2="0">
    <subfield code="a">Works of K&#x101;lid&#x101;sa : </subfield>
    <subfield code="b">volume 1 : three plays /</subfield>
    <subfield code="c">edited with an exhaustive introduction, translation and critical and explanatory notes by C.R. Devadhar.</subfield>
  </datafield>
  <datafield tag="260" ind1=" " ind2=" ">
    <subfield code="a"> New Delhi :</subfield>
    <subfield code="b">Motilal Banarsidass Publishers,</subfield>
    <subfield code="c">1981 (reprinted 2015). </subfield>
  </datafield>
  <datafield tag="300" ind1=" " ind2=" ">
    <subfield code="a">xxxii, 312 pages :</subfield>
    <subfield code="c">22 cm.</subfield>
  </datafield>
  <datafield tag="500" ind1=" " ind2=" ">
    <subfield code="a">Parallel text in Sanskrit and English translation.</subfield>
  </datafield>
  <datafield tag="500" ind1=" " ind2=" ">
    <subfield code="a">volume 1: Three plays: Abhij&#xF1;&#x101;na&#x15B;&#x101;kuntalam, Vikramorva&#x15B;&#x12B;yam, M&#x101;lavik&#x101;gnimitram.</subfield>
  </datafield>
  <datafield tag="650" ind1=" " ind2="4">
    <subfield code="a">Sanskrit drama </subfield>
    <subfield code="v">Translations into English.</subfield>
  </datafield>
  <datafield tag="650" ind1=" " ind2="4">
    <subfield code="a">Sanskrit drama </subfield>
    <subfield code="x">History and criticism.</subfield>
  </datafield>
  <datafield tag="650" ind1=" " ind2="4">
    <subfield code="a">K&#x101;lid&#x101;sa </subfield>
    <subfield code="v">Translations into English.</subfield>
  </datafield>
  <datafield tag="700" ind1="1" ind2=" ">
    <subfield code="a">Devadhar, C. R. </subfield>
    <subfield code="q">(Chintaman Ramchandra)</subfield>
    <subfield code="e">editor, translator.</subfield>
  </datafield>
  <datafield tag="942" ind1=" " ind2=" ">
    <subfield code="2">lc</subfield>
    <subfield code="n">0</subfield>
    <subfield code="c">GC</subfield>
  </datafield>
  <datafield tag="998" ind1=" " ind2=" ">
    <subfield code="e">Book</subfield>
    <subfield code="s">829062 : 013416 c. 1 UTB</subfield>
    <subfield code="x">Donated by India Embassy</subfield>
  </datafield>
  <datafield tag="999" ind1=" " ind2=" ">
    <subfield code="c">24165</subfield>
    <subfield code="d">24165</subfield>
  </datafield>
  <datafield tag="952" ind1=" " ind2=" ">
    <subfield code="0">0</subfield>
    <subfield code="1">0</subfield>
    <subfield code="2">lc</subfield>
    <subfield code="4">0</subfield>
    <subfield code="7">0</subfield>
    <subfield code="a">UTB</subfield>
    <subfield code="b">UTB</subfield>
    <subfield code="c">Level 1</subfield>
    <subfield code="d">2019-07-08</subfield>
    <subfield code="e">Donated by India Embassy</subfield>
    <subfield code="l">0</subfield>
    <subfield code="o">PK3795 KAL 2018 c. 1</subfield>
    <subfield code="p">829062</subfield>
    <subfield code="r">2026-05-21</subfield>
    <subfield code="t">c. 1</subfield>
    <subfield code="w">2026-05-21</subfield>
    <subfield code="y">GC</subfield>
    <subfield code="z">Reg. no. 013416_UTB</subfield>
  </datafield>
</record>
